00815nam a2200265 a 4500001001300000003000900013005001700022008004100039020001000080082001500090100002400105245003900129260004500168300000900213500003500222505001500257650002000272650001100292700002400303902000800327942000700335952009600342952009600438999001500534nice12345678IN_TiNIC20260116011616.0050524s1950 lona grp 000 0 eng  ac10000a297.4bNIC aNicholson, Ronald A aRumib Poet and Mystic (1207-1273) aLondonbGeorge Allen and Unwin Ltdc1950 a190p aincludes index and biblioraphy2 aIll, Index aJalaluddin Rumi aPoetry1 aNicholson, Ronald A bSRS cBK 00104070aHMIbHMId2019-06-28g100.00l0o297.4 NIC p03321r0000-00-00w2026-01-16yEB 00104070aHMIbHMId2019-06-28g100.00l0o297.4 NICp016370r0000-00-00w2026-01-16yEB c2867d2867